[Event "Olympiad Women-43"]
[Site "Batumi"]
[Date "2018.10.02"]
[Round "8.3"]
[White "Momunalieva, Shaadat"]
[Black "James, Shemilah"]
[Result "1-0"]
[WhiteElo "1594"]
[BlackElo "1535"]
[PlyCount "125"]
[EventDate "2018.09.24"]
[EventType "team-swiss"]
[EventRounds "11"]
[EventCountry "GEO"]
[SourceTitle "EXT 2020"]
[Source "ChessBase"]
[SourceDate "2019.10.17"]
[SourceVersion "1"]
[SourceVersionDate "2019.10.17"]
[SourceQuality "1"]
[WhiteTeam "Kyrgyzstan (W)"]
[BlackTeam "Trinidad and Tobago (W)"]
[WhiteTeamCountry "KGZ"]
[BlackTeamCountry "TRI"]

1. d4 d5 2. c4 e6 3. Nc3 Nf6 4. Nf3 Nbd7 5. Bg5 Be7 6. e3 0-0 7. Rc1 b6 8. Bd3 Bb7 9. 0-0 Rc8 10. Qe2 h6 11. Bh4 c5 12. Rfd1 Ne4 13. Bg3 Ndf6 14. cxd5 Nxg3 15. hxg3 Nxd5 16. Nxd5 Bxd5 17. Ba6 Rc7 18. dxc5 Qa8 19. cxb6 Rxc1 20. Rxc1 axb6 21. a3 Bf6 22. Bd3 Bxf3 23. gxf3 Rd8 24. Be4 Qb8 25. Qb5 Qe5 26. Qxe5 Bxe5 27. b3 Bb2 28. Rc6 Bxa3 29. Rxb6 Kf8 30. b4 Ke7 31. b5 Rd1+ 32. Kg2 Rd2 33. Bc6 Rd8 34. Rb7+ Kf6 35. Ra7 Bc5 36. Rb7 Bd6 37. f4 g5 38. fxg5+ hxg5 39. Kf3 Rg8 40. Kg4 Kg6 41. Ra7 Bc5 42. Ra6 Rb8 43. Kf3 Kf5 44. g4+ Ke5 45. Ke2 Kd6 46. Kd3 Ke5 47. Ke2 f6 48. Ra5 Bb6 49. Ra1 Bc5 50. Rd1 Bb6 51. Kf3 Rd8 52. Ra1 Rb8 53. Kg3 f5 54. gxf5 exf5 55. f4+ gxf4+ 56. exf4+ Kf6 57. Rc1 Rg8+ 58. Kf3 Rh8 59. Bd7 Rh5 60. Rc6+ Ke7 61. Bxf5 Rxf5 62. Rxb6 Rc5 63. Kg4 1-0

[Event "Olympiad Women-43"]
[Site "Batumi"]
[Date "2018.10.01"]
[Round "7.55"]
[White "Felix, Tobi"]
[Black "Momunalieva, Shaadat"]
[Result "0-1"]
[WhiteElo "1468"]
[BlackElo "1594"]
[PlyCount "56"]
[EventDate "2018.09.24"]
[EventType "team-swiss"]
[EventRounds "11"]
[EventCountry "GEO"]
[SourceTitle "EXT 2020"]
[Source "ChessBase"]
[SourceDate "2019.10.17"]
[SourceVersion "1"]
[SourceVersionDate "2019.10.17"]
[SourceQuality "1"]
[WhiteTeam "Ghana (W)"]
[BlackTeam "Kyrgyzstan (W)"]
[WhiteTeamCountry "GHA"]
[BlackTeamCountry "KGZ"]

1. d4 d5 2. Bf4 Nf6 3. e3 c6 4. c3 e6 5. Nf3 Nbd7 6. Nbd2 Be7 7. h3 c5 8. Rc1 b6 9. Bd3 Bb7 10. 0-0 0-0 11. Re1 Ne4 12. Qc2 f5 13. Ne5 Rc8 14. Ndf3 Nxe5 15. Nxe5 Bh4 16. Bxe4 fxe4 17. Qe2 Qe7 18. Qg4 Rf5 19. Rf1 Ba6 20. Rfe1 Kh8 21. Rc2 Bf6 22. a3 Bxe5 23. Bxe5 Bd3 24. Rd2 Rg5 25. Qd1 Rf8 26. f4 exf3 27. Rf2 Be4 28. Bg3 Rxg3 0-1

[Event "Olympiad Women-43"]
[Site "Batumi"]
[Date "2018.09.28"]
[Round "5.45"]
[White "Machlik, Monika"]
[Black "Momunalieva, Shaadat"]
[Result "1-0"]
[WhiteElo "2059"]
[BlackElo "1594"]
[PlyCount "83"]
[EventDate "2018.09.24"]
[EventType "team-swiss"]
[EventRounds "11"]
[EventCountry "GEO"]
[SourceTitle "EXT 2020"]
[Source "ChessBase"]
[SourceDate "2019.10.17"]
[SourceVersion "1"]
[SourceVersionDate "2019.10.17"]
[SourceQuality "1"]
[WhiteTeam "Norway (W)"]
[BlackTeam "Kyrgyzstan (W)"]
[WhiteTeamCountry "NOR"]
[BlackTeamCountry "KGZ"]

1. d4 d5 2. c4 c6 3. Nf3 Nf6 4. e3 e6 5. Bd3 Nbd7 6. Nbd2 Be7 7. 0-0 0-0 8. e4 dxc4 9. Nxc4 b5 10. Ne3 Bb7 11. e5 Ne8 12. Bc2 a6 13. Qd3 g6 14. Rd1 c5 15. d5 c4 16. Qe2 Bc5 17. dxe6 fxe6 18. Ng4 Bxf3 19. gxf3 Qe7 20. Bh6 Ng7 21. Be4 Rab8 22. Bc6 Nb6 23. Nf6+ Kh8 24. Nd7 Qh4 25. Bxg7+ Kxg7 26. Nxc5 Qe7 27. Nd7 Qg5+ 28. Kh1 Nxd7 29. Rxd7+ Kg8 30. Qe3 Qh4 31. Rd4 Qh3 32. Rad1 Rf5 33. f4 Qg4 34. Rg1 Qh4 35. Qg3 Qe7 36. Be4 Rf7 37. Rgd1 Qb4 38. R1d2 Rbf8 39. f5 exf5 40. Bd5 Kg7 41. Bxf7 Rxf7 42. e6 1-0

[Event "KGZ-ch (Women)"]
[Site "Bishkek"]
[Date "2017.03.13"]
[Round "3"]
[White "Marat, Aliia"]
[Black "Momunalieva, Shaadat"]
[Result "0-1"]
[WhiteElo "1315"]
[BlackElo "1587"]
[PlyCount "104"]
[EventDate "2017.03.11"]
[EventType "swiss"]
[EventRounds "9"]
[EventCountry "KGZ"]
[SourceTitle "EXT 2018"]
[Source "ChessBase"]
[SourceDate "2017.10.13"]
[SourceVersion "1"]
[SourceVersionDate "2017.10.13"]
[SourceQuality "1"]

1. e4 e6 2. Nf3 d5 3. exd5 exd5 4. d4 Bd6 5. Nc3 Nf6 6. Bg5 c6 7. h3 0-0 8. Be2 Bf5 9. 0-0 Nbd7 10. Bd3 Bxd3 11. Qxd3 Qc7 12. Rfe1 Rfe8 13. a3 h6 14. Bd2 Nf8 15. Nh4 Ne6 16. Nf5 Bf4 17. Ne2 Ne4 18. Bxf4 Nxf4 19. Qf3 Nxe2+ 20. Rxe2 Re6 21. Qd3 Qf4 22. Ng3 Nxg3 23. Rxe6 fxe6 24. fxg3 Qg5 25. g4 e5 26. dxe5 Qxe5 27. c3 Re8 28. Rf1 Qe3+ 29. Qxe3 Rxe3 30. Kf2 Re4 31. Re1 Rxe1 32. Kxe1 Kf7 33. Ke2 Ke6 34. Ke3 Ke5 35. b4 b6 36. a4 c5 37. bxc5 bxc5 38. g3 a5 39. h4 g6 40. Kd3 g5 41. h5 d4 42. cxd4+ cxd4 43. Kd2 Ke4 44. Ke2 d3+ 45. Kd2 Kf3 46. Kxd3 Kxg3 47. Kc4 Kxg4 48. Kb5 Kxh5 49. Kxa5 g4 50. Kb5 g3 51. a5 g2 52. a6 g1Q 0-1

[Event "KGZ-ch FL (Women)"]
[Site "Bishkek"]
[Date "2017.03.03"]
[Round "7"]
[White "Momunalieva, Shaadat"]
[Black "Musaeva, Shakhnazi"]
[Result "0-1"]
[WhiteElo "1587"]
[BlackElo "1691"]
[PlyCount "98"]
[EventDate "2017.02.25"]
[EventType "swiss"]
[EventRounds "9"]
[EventCountry "KGZ"]
[SourceTitle "EXT 2018"]
[Source "ChessBase"]
[SourceDate "2017.10.13"]
[SourceVersion "1"]
[SourceVersionDate "2017.10.13"]
[SourceQuality "1"]

1. d4 Nf6 2. c4 e6 3. Nc3 Bb4 4. a3 Bxc3+ 5. bxc3 c5 6. d5 exd5 7. cxd5 Qa5 8. Qd3 Nxd5 9. Bd2 Ne7 10. g3 Nbc6 11. Bg2 Qd8 12. Nf3 d5 13. Rd1 0-0 14. 0-0 Bf5 15. Qb5 b6 16. Nh4 a6 17. Qb2 Be6 18. f4 f5 19. Be3 Qc7 20. Rd2 Na5 21. Qa2 Rf6 22. Bf2 Rd8 23. Rfd1 Bf7 24. Qb1 Nc4 25. Rd3 Nd6 26. Kf1 Ne4 27. Bg1 Be8 28. Nxf5 Rd7 29. Nxe7+ Rxe7 30. Qc2 Bg6 31. Qb2 d4 32. cxd4 c4 33. Re3 c3 34. Qb3+ Bf7 35. Qc2 Nd2+ 36. Ke1 Rxe3 37. Bxe3 Bb3 38. Qc1 Bxd1 39. Kxd1 Qc4 40. Bxd2 Qxd4 41. Bf3 Qxd2+ 42. Qxd2 cxd2 43. Kxd2 Rd6+ 44. Kc3 Kf7 45. h4 g6 46. Kc4 Rd1 47. e4 Rg1 48. g4 Rf1 49. Be2 Rxf4 0-1

[Event "KGZ-ch FL (Women)"]
[Site "Bishkek"]
[Date "2017.02.28"]
[Round "4"]
[White "Sydykova, Akylai"]
[Black "Momunalieva, Shaadat"]
[Result "0-1"]
[WhiteElo "1314"]
[BlackElo "1587"]
[PlyCount "94"]
[EventDate "2017.02.25"]
[EventType "swiss"]
[EventRounds "9"]
[EventCountry "KGZ"]
[SourceTitle "EXT 2018"]
[Source "ChessBase"]
[SourceDate "2017.10.13"]
[SourceVersion "1"]
[SourceVersionDate "2017.10.13"]
[SourceQuality "1"]

1. e4 e6 2. Nf3 d5 3. exd5 exd5 4. d4 Nf6 5. Bf4 Bd6 6. Bxd6 Qxd6 7. Nc3 0-0 8. Be2 Bg4 9. 0-0 c6 10. Ne5 Bf5 11. h3 Nbd7 12. Re1 Nxe5 13. dxe5 Qxe5 14. Bg4 Bxg4 15. Rxe5 Bxd1 16. Rxd1 Rae8 17. Rde1 Ne4 18. Rxe8 Rxe8 19. f3 Nd6 20. Rxe8+ Nxe8 21. Kf2 Kf8 22. a3 Nd6 23. b3 Ke7 24. Ne2 Kf6 25. Nd4 Nf5 26. Nxf5 Kxf5 27. Ke3 g5 28. g3 h5 29. g4+ hxg4 30. hxg4+ Ke5 31. c3 c5 32. Kd3 Kf4 33. Ke2 a5 34. a4 b6 35. Kf2 d4 36. cxd4 cxd4 37. Ke2 d3+ 38. Kxd3 Kxf3 39. Kc4 Kxg4 40. Kb5 f5 41. Kxb6 f4 42. Kxa5 f3 43. b4 f2 44. b5 f1Q 45. b6 Qc4 46. b7 Qc7+ 47. Ka6 Qc6+ 0-1

[Event "Karakol Derbishev Memorial"]
[Site "Karakol"]
[Date "2017.??.??"]
[Round "5"]
[White "Alybaev, Bolot"]
[Black "Momunalieva, Shaadat"]
[Result "1/2-1/2"]
[WhiteElo "1689"]
[BlackElo "1542"]
[PlyCount "149"]
[EventDate "2017.08.16"]
[EventType "swiss"]
[EventRounds "9"]
[EventCountry "KGZ"]
[SourceTitle "CBM 180 Extra"]
[Source "ChessBase"]
[SourceDate "2017.10.06"]
[SourceVersion "1"]
[SourceVersionDate "2017.10.06"]
[SourceQuality "1"]

1. e4 e6 2. d4 d5 3. Nc3 Nf6 4. Bg5 Be7 5. exd5 Nxd5 6. Bxe7 Qxe7 7. Nxd5 exd5+ 8. Qe2 Qxe2+ 9. Bxe2 0-0 10. 0-0-0 Re8 11. Bf3 c6 12. Ne2 Nd7 13. g4 Nf6 14. h3 b6 15. Ng3 Bb7 16. Rhe1 g6 17. g5 Nd7 18. h4 Nf8 19. Bg4 Ne6 20. Bxe6 Rxe6 21. Rxe6 fxe6 22. Re1 Kf7 23. Kd2 Rf8 24. Ke3 Ke7 25. b4 Ba6 26. f4 Bc4 27. h5 a6 28. a3 Kf7 29. Rh1 Kg7 30. Kf3 Rc8 31. Re1 Kf7 32. hxg6+ hxg6 33. Rh1 Kg7 34. Re1 Kf7 35. Nh1 c5 36. c3 cxd4 37. cxd4 Bb5 38. Nf2 Rc3+ 39. Re3 Rc1 40. Ng4 Rf1+ 41. Kg3 Rg1+ 42. Kf3 Rf1+ 43. Nf2 Rc1 44. Nd3 Bxd3 45. Rxd3 Ke7 46. Ke2 Rh1 47. b5 axb5 48. Rb3 Rh4 49. Rxb5 Rxf4 50. Rxb6 Rxd4 51. Rb7+ Kf8 52. Rb8+ Ke7 53. Rb7+ Kd6 54. Rg7 Ra4 55. Rxg6 Rxa3 56. Rg8 Ke7 57. Rb8 Rg3 58. Rb7+ Kd6 59. Rg7 d4 60. Kf2 Rb3 61. g6 e5 62. Rf7 Rb8 63. Kf3 Rg8 64. g7 Ke6 65. Ra7 Kf6 66. Ke4 Rxg7 67. Ra6+ Kg5 68. Kxe5 Rd7 69. Ra2 Kg4 70. Rd2 d3 71. Ke4 Kg3 72. Ke3 Kg4 73. Rg2+ Kf5 74. Rf2+ Ke5 75. Rd2 1/2-1/2

[Event "Cholpon Ata Issyk kul"]
[Site "Cholpon Ata"]
[Date "2012.07.26"]
[Round "9.1"]
[White "Taalaibekov, Tagir"]
[Black "Momunalieva, Shaadat"]
[Result "1-0"]
[WhiteElo "1849"]
[BlackElo "1603"]
[PlyCount "101"]
[EventDate "2012.07.26"]
[EventType "swiss"]
[EventRounds "9"]
[EventCountry "KGZ"]
[SourceTitle "EXT 2024"]
[Source "ChessBase"]
[SourceDate "2023.10.10"]
[SourceVersion "1"]
[SourceVersionDate "2023.10.10"]
[SourceQuality "1"]

1. d4 d5 2. c4 c6 3. Nc3 Nf6 4. Nf3 e6 5. e3 Bb4 6. Bd2 Nbd7 7. Bd3 0-0 8. 0-0 dxc4 9. Bxc4 a6 10. a3 Bd6 11. b4 Nb6 12. Bd3 Nbd5 13. Qc2 Nxc3 14. Bxc3 h6 15. e4 Bc7 16. Rfd1 Qe7 17. Bc4 Rd8 18. Rac1 Bf4 19. Ra1 Nd7 20. g3 Bc7 21. Ba2 e5 22. dxe5 Re8 23. e6 fxe6 24. e5 Rf8 25. Qe4 Qf7 26. Kg2 c5 27. Bb1 Qf5 28. Qxf5 exf5 29. Ba2+ Kh7 30. e6 Nf6 31. bxc5 Ne4 32. Be5 Bxe5 33. Nxe5 Nxc5 34. e7 Re8 35. Rd8 Be6 36. Bxe6 Nxe6 37. Rd7 Nc5 38. Rc7 b6 39. Rc1 Rab8 40. Nf7 Ne4 41. Rd1 Nf6 42. Nd6 Rg8 43. Nxf5 Ne8 44. Rcd7 Kg6 45. Rd8 Nf6 46. Rxb8 Rxb8 47. Rd8 Rb7 48. g4 h5 49. e8Q+ Nxe8 50. Rxe8 hxg4 51. Ne3 1-0